| 000 | 00805nam a2200229 a 4500 | ||
|---|---|---|---|
| 001 | 81653 | ||
| 003 | BD-RjUL | ||
| 005 | 20230808154202.0 | ||
| 008 | 230808s2013 ii ||||| |||| 00| 0 ben d | ||
| 020 | _a9789381346914 | ||
| 035 | _a(BD-RjUL)81653 | ||
| 040 |
_aBD-RjUL _beng _cBD-RjUL |
||
| 041 | _aben | ||
| 082 |
_223 _a398.2095414 _bMAA 2013 |
||
| 100 |
_aমজুমদার, দিব্যজ্যোতি _98250 |
||
| 245 |
_aআদিবাসী পশুকথা / _cদিব্যজ্যোতি মজুমদার |
||
| 260 |
_aকলকাতা : _bগাঙচিল , _c২০১৩ |
||
| 300 |
_a৩১৮ পৃ.; _c২২ সেমি. |
||
| 650 |
_aলোকসাহিত্য, বাংলা _92386 |
||
| 650 |
_aFolk literature, Bengali _92387 |
||
| 942 |
_2ddc _cBK |
||
| 999 |
_c81653 _d81653 |
||